Pays Contenant Un U ou Q Dans Son Nom - Statistiques

Statistiques générales
  • Ce quiz a été pris 264 fois
    127 depuis la dernière actualisation
  • Le résultat moyen est 49 sur 69
Statistiques - réponses
Pays % Correct
Pays Russie
89%
Pays Suède
89%
Pays Australie
88%
Pays États-Unis
87%
Pays Uruguay
87%
Pays Papouasie Nouvelle-Guinée
86%
Pays Turquie
86%
Pays Afrique Du Sud
84%
Pays Guinée
83%
Pays Tunisie
83%
Pays Ukraine
83%
Pays Lituanie
82%
Pays République Démocratique du Congo
82%
Pays République du Congo
81%
Pays Royaume-Uni
81%
Pays Qatar
79%
Pays Suisse
79%
Pays Corée Du Sud
78%
Pays Portugal
78%
Pays Soudan
78%
Pays République Tchèque
77%
Pays Soudan Du Sud
77%
Pays Biélorussie
76%
Pays Équateur
76%
Pays République Dominicaine
76%
Pays Autriche
74%
Pays Guinée Équatoriale
74%
Pays Luxembourg
74%
Pays Paraguay
74%
Pays Turkménistan
74%
Pays Bulgarie
73%
Pays Cuba
73%
Pays Guatemala
73%
Pays Mozambique
73%
Pays Ouzbékistan
73%
Pays Guinée-Bissau
72%
Pays Mexique
72%
Pays Pérou
72%
Pays Roumanie
72%
Pays Tuvalu
72%
Pays Nouvelle-Zélande
71%
Pays Slovaquie
71%
Pays Suriname
71%
Pays Vanuatu
71%
Pays Nicaragua
70%
Pays République Centrafricaine
70%
Pays Émirats Arabes Unis
69%
Pays Guyana
69%
Pays Ouganda
68%
Pays Arabie Saoudite
67%
Pays Belgique
67%
Pays Honduras
66%
Pays Jamaïque
66%
Pays Dominique
62%
Pays Mauritanie
62%
Pays Bhoutan
60%
Pays Burundi
60%
Pays Cameroun
60%
Pays Venezuela
60%
Pays Corée Du Nord
59%
Pays Sainte-Lucie
59%
Pays Nauru
58%
Pays Burkina Faso
57%
Pays Antigua-et-Barbuda
53%
Pays Maurice
51%
Pays Brunei
50%
Pays Djibouti
50%
Pays Singapour
50%
Pays Macédoine Du Nord
38%
Aucun quiz correspondant
Distribution des résultats
% des personnes avec chaque résultat
Percentile par nombre de réponses
Votre historique - résultats
Vous n’avez pas pris ce quiz depuis la dernière actualisation